Theory & Practice of Book-keeping and accountancy (Record no. 5360)

MARC details
000 -LEADER
fixed length control field 00531cam a2200193ua 4500
001 - CONTROL NUMBER
control field 6213
005 - DATE AND TIME OF LATEST TRANSACTION
control field 20260515114019.0
008 - FIXED-LENGTH DATA ELEMENTS--GENERAL INFORMATION
fixed length control field 131123n ii |||gr||||Z||||||eng
040 ## - CATALOGING SOURCE
Transcribing agency MAIN
082 ## - DEWEY DECIMAL CLASSIFICATION NUMBER
Classification number 657
245 ## - TITLE STATEMENT
Title Theory & Practice of Book-keeping and accountancy
Statement of responsibility, etc. By K.R. Das
260 ## - PUBLICATION, DISTRIBUTION, ETC.
Place of publication, distribution, etc. Guwahati:
Name of publisher, distributor, etc. Lawyers Book Stall,
Date of publication, distribution, etc. 1996.
300 ## - PHYSICAL DESCRIPTION
Extent x,803p.
653 ## - INDEX TERM--UNCONTROLLED
Uncontrolled term Commerce
653 ## - INDEX TERM--UNCONTROLLED
Uncontrolled term Theory & Practice of book-keeping and accountancy
700 ## - ADDED ENTRY--PERSONAL NAME
Personal name Das,K.R.,
Relator term Author.,
700 1# - ADDED ENTRY--PERSONAL NAME
Personal name Sinha,K.M.,
Relator term Author.
942 ## - ADDED ENTRY ELEMENTS (KOHA)
Koha item type Books
Holdings
Withdrawn status Lost status Damaged status Not for loan Home library Current library Shelving location Date acquired Total checkouts Full call number Barcode Date last seen Copy number Price effective from Koha item type
        Naharkatiya College Library Naharkatiya College Library General stacks 09/19/2020   657 | DAS 13189 09/19/2020 1 09/19/2020 Books